书目信息 |
| 题名: |
新目标英语阅读
|
|
| 作者: | 张宣 , 孙南南 主编 | |
| 分册: | ||
| 出版信息: | 北京 国防工业出版社 2005.09 |
|
| 页数: | 206页 | |
| 开本: | 20cm | |
| 丛书名: | 最佳搭档学英语 | |
| 单 册: | ||
| 中图分类: | H319.4 | |
| 科图分类: | ||
| 主题词: | 英语--ying yu--语言读物 | |
| 电子资源: | ||
| ISBN: | 7-118-04054-1 | |
| 000 | 00895nam 2200253 450 | |
| 001 | 012006067710 | |
| 005 | 20060627100425.40 | |
| 010 | @a7-118-04054-1@dCNY12.00 | |
| 100 | @a20060613d2005 km y0chiy0120 ea | |
| 101 | 0 | @achi@aeng |
| 102 | @aCN@b110000 | |
| 105 | @ay z 000yy | |
| 200 | 1 | @a新目标英语阅读@Axin mu biao ying yu yue du@f张宣, 孙南南主编@Fzhang xuan,sun nan nan zhu bian |
| 210 | @a北京@c国防工业出版社@d2005.09 | |
| 215 | @a206页@d20cm | |
| 225 | 2 | @a最佳搭档学英语@Azui jia da dang xue ying yu |
| 330 | @a本书从国内外最新的现刊及网站上挑选出原汁原味的英文阅读材料,内容涉及人物、社会、历史、教育、时尚、健康、艺术、科学等主题。 | |
| 410 | 0 | @12001 @a最佳搭档学英语 |
| 606 | 0 | @a英语@Aying yu@j语言读物 |
| 690 | @aH319.4@v4 | |
| 701 | 0 | @a张宣@Azhang xuan@4主编 |
| 701 | 0 | @a孙南南@Asun nan nan@4主编 |
| 801 | 0 | @aCN@bQSSK@c20060627 |
| 905 | @a10447@dH319.4@eZ215 | |
| 新目标英语阅读/张宣, 孙南南主编.-北京:国防工业出版社,2005.09 |
| 206页;20cm.-(最佳搭档学英语) |
| ISBN 7-118-04054-1:CNY12.00 |
| 本书从国内外最新的现刊及网站上挑选出原汁原味的英文阅读材料,内容涉及人物、社会、历史、教育、时尚、健康、艺术、科学等主题。 |
| ● |
| 相关链接 |
|
|
|
正题名:新目标英语阅读
索取号:H319.4/Z215
 
预约/预借
| 序号 | 登录号 | 条形码 | 馆藏地/架位号 | 状态 | 备注 |
| 1 | 586590 | 205865900 | 语言库209/209语言库 20排1列5层/ [索取号:H319.4/Z215] | 在馆 | |
| 2 | 586591 | 205865919 | 语言库209/209语言库 20排1列5层/ [索取号:H319.4/Z215] | 在馆 | |
| 3 | 586592 | 205865928 | 语言库209/209语言库 20排1列5层/ [索取号:H319.4/Z215] | 在馆 |